Statistics : the exploration and analysis of data (Record no. 34983)

MARC details
000 -LEADER
fixed length control field 00416nam a2200169Ia 4500
020 ## - INTERNATIONAL STANDARD BOOK NUMBER
ISBN 0534495400
050 ## - CALL MARK
Classification number QA 276 .D48/
100 ## - STATEMENT OF RESPONSIBILITY--MAIN AUTHOR NAME
Personal name Devore, Jay L.
245 #0 - TITLE STATEMENT
Title Statistics : the exploration and analysis of data
260 ## - PUBLICATION, DISTRIBUTION, ETC. (IMPRINT)
Place of publication Belmont, CA
260 ## - PUBLICATION, DISTRIBUTION, ETC. (IMPRINT)
Name of publisher Thomson Brooks/Cole
260 ## - PUBLICATION, DISTRIBUTION, ETC. (IMPRINT)
Year of publication 2005
300 ## - PHYSICAL DESCRIPTION
Number of Pages 763 p
942 ## - ADDED ENTRY ELEMENTS (KOHA)
Koha item type Books
Holdings
Withdrawn status Lost status Source of classification or shelving scheme Damaged status Not for loan Permanent Location Current Location Date acquired Accession Number Price effective from Koha item type
    Library of Congress Classification     NILE UNIVERSITY OF NIGERIA - MAIN LIBRARY NILE UNIVERSITY OF NIGERIA - MAIN LIBRARY 04/23/2025 0007510 04/23/2025 Books